00913cam a2200241 a 450000100060000000300080000600500170001400800410003103500190007204000290009104100080012008200300012810000340015824500930019226000400028530000620032550400380038750400200042565000560044594200120050199900170051395201410053023297BD-RjUL20211209000920.0140310s1955 enkabf b 001 0 eng d a(BD-RjUL)23362 aNZOCbengcNZOCdBD-RjUL aeng04a796.5220954219bMAA 19551 aMason, Kenneth,d1887-97179510aAbode of snow :ba history of Himalayan exploration and mountaineering /cKenneth Mason. aLondon :bRupert Hart-Davis,c1955. axi, 372 p., [12] leaves of plates :bill., maps ;c22 cm. a"Short bibliography": p. 355-357. aIncludes index. 0aMountaineeringzHimalaya MountainsxHistory.971796 2ddccBK c23297d23297 00102ddc40728NFICaRUCLbRUCLcReadingd1961-01-14eColombo Plan l0o796.5220954 MAA 1955r2014-03-10 00:00:00tC-1w2021-12-09yBK